| 000 | 00752nam a2200229Ia 4500 | ||
|---|---|---|---|
| 005 | 20220816151908.0 | ||
| 008 | 210716s2008 xx 000 0 und d | ||
| 020 | _a9788126517732 | ||
| 040 | _cAIMIT LIBRARY | ||
| 041 | _aeng | ||
| 082 |
_a005.30287 _21 _bPEZM |
||
| 100 |
_aPezze, Mauro. _954816 |
||
| 245 |
_aSoftware testing and analysis : _bprocess principles and techniques / _cBy Mauro, Pezze and Michal Young. |
||
| 250 | _a1st ed. | ||
| 260 |
_aNew Delhi : _bWiley India Pvt Ltd , _c2008. |
||
| 300 |
_axxii,488 p. ; _c25cm. |
||
| 650 |
_aFramework for test and analysis _954817 |
||
| 650 |
_aStructural testing _954818 |
||
| 650 |
_aData flow testing _954819 |
||
| 700 |
_aYoung, Michal. _954820 |
||
| 942 |
_2ddc _cBK _e1st _k005.30287 PEZM |
||
| 999 |
_c189393 _d189393 |
||